The culture and civilization of Ancient India: (Record no. 9516)

000 -LEADER
fixed length control field 00406nam a22001331a 4500
082 ## - DEWEY DECIMAL CLASSIFICATION NUMBER
Classification number 934
Item number KOS/C
100 ## - MAIN ENTRY--PERSONAL NAME
Personal name Damodar Dharmanand Kosambi
9 (RLIN) 75691
245 ## - TITLE STATEMENT
Title The culture and civilization of Ancient India:
Remainder of title in historical outline
Statement of responsibility, etc. by Damodar Dharmanand Kosambi
260 ## - PUBLICATION, DISTRIBUTION, ETC.
Place of publication, distribution, etc. New Delhi:
Name of publisher, distributor, etc. Vikas,
Date of publication, distribution, etc. 1994.
300 ## - PHYSICAL DESCRIPTION
Extent 243p.
650 ## - SUBJECT ADDED ENTRY--TOPICAL TERM
Topical term or geographic name entry element History India Ancient
9 (RLIN) 75692
650 ## - SUBJECT ADDED ENTRY--TOPICAL TERM
Topical term or geographic name entry element History
9 (RLIN) 75693
942 ## - ADDED ENTRY ELEMENTS (KOHA)
Koha item type Book
Holdings
Withdrawn status Lost status Damaged status Not for loan Permanent Location Current Location Shelving location Date acquired Cost, normal purchase price Total Checkouts Total Renewals Full call number Barcode Date last seen Date last checked out Cost, replacement price Price effective from Koha item type
Write off       Sree Sankaracharya University of Sanskrit Sree Sankaracharya University of Sanskrit Stacks 08.01.2015 85.00 1 1 934 KOS/C 000335 16.02.2015 10.02.2015 0.00 08.01.2015 Book